| 000 | 01912nam a22002897a 4500 | ||
|---|---|---|---|
| 001 | 286 | ||
| 003 | FISKH | ||
| 005 | 20230316130650.0 | ||
| 008 | 100504s2010 nyuab 000 0 eng | ||
| 020 | _a9780753467282 | ||
| 040 |
_aDLC _cDLC _dDLC _dFISKH _beng |
||
| 050 | 0 | 0 |
_aQL336 _b.S26 2010 |
| 082 | 0 | 0 |
_a591.47096 _222 |
| 100 | _aBear, Mariah | ||
| 245 | 0 | 0 |
_aSavage safari / _bExtreme encounters with animal warriors |
| 260 |
_aNew York _bKingfisher _c2009 |
||
| 300 |
_a47 p. : _bcol. ill., col maps ; _c22 x 30 cm. |
||
| 505 | 0 | _aZ1 | |
| 505 | 0 | _aMeet the beasts -- Dangerous prides : African lion -- Deadliest prey : hippopotamus -- Airborne terror : Bateleur eagle -- Top of the pack : African wild dog -- African realms -- Armored beast : giant pangolin -- Sticky saboteur : chameleon -- Speed demon : cheetah -- Mighty charger : rhinoceros -- Silent stranger : African rock python -- Fish bane : osprey -- Africa's most dangerous -- Tusked defender : African elephant -- Killer smile : Nile crocodile -- Prey snatcher : spotter hyena -- Ultimate venom : Egyptian cobra -- Supreme climber : African leopard -- Ultimate predator and ultimate defender. | |
| 520 | _aAfrica is home to some of the animal kingdom's most ferocious hunters and savages. Whether screeching through the rainforests, prowling the wide savannas, or lurking along rivers, these brutes make shrot shrift out of all who dare cross their paths. To dominate their realms and evade attackers, some beasts use massive strength and vicious claws while others rely on impressive speed and cunning tricks. What equipment and skills would you need to survive? Jump in and find out! | ||
| 521 | 8 |
_a1100
_bLexile IG |
|
| 521 | 8 |
_aZ1
_bRaz-Plus |
|
| 650 | 0 |
_aAnimals _zAfrica _vJuvenile literature. |
|
| 650 | 0 |
_aSafaris _zAfrica _vJuvenile literature. |
|
| 906 |
_a7 _bcbc _corignew _d1 _eecip _f20 _gy-gencatlg |
||
| 942 |
_2ddc _cBK _n0 |
||
| 999 |
_c286 _d286 |
||